| 000 | 00000nas##2200000za#4500 |
| 001 | 9.503945 |
| 003 | CaOODSP |
| 005 | 20200325122007 |
| 007 | cr ||||||||||| |
| 008 | 150406c1991||||xxc|| m o||||f| |0fre|d |
| 040 | |aCaOODSP|bfre |
| 043 | |an-cn--- |
| 086 | 1 |aH42-2/4F-PDF |
| 110 | 1 |aCanada.|bSanté Canada. |bProgramme des produits thérapeutiques. |
| 245 | 10|aDirectives du Programme des produits thérapeutiques |h[ressource électronique] |
| 246 | 1 |iTitre de renvoi : |aProgramme des produits thérapeutics-- ligne directrice |
| 260 | |aOttawa - Ontario : |bSanté Canada. |c[199?]-. |
| 310 | |aIrrégulier |
| 500 | |aLégères variantes dans le titre. Certaines livr. comportent le titre : « Programme des produits thérapeutics-- ligne directrice ». |
| 691 | 07|aIndustrie pharmaceutique|2gcpds |
| 691 | 07|aLignes directrices|2gcpds |
| 775 | 08|tTherapeutic Products Programme guideline |w(CaOODSP)9.507557 |
| 776 | 0#|tDirectives du programme des produits thérapeutiques |w(CaOODSP)9.513091 |